All Stanley cup champions - Statistiques

Statistiques générales
  • Ce quiz a été pris 43 fois
  • Le résultat moyen est 84 sur 98
Statistiques - réponses
Hint Réponse % Correct
1993 Canadiens
97%
1986 Canadiens
97%
1979 Canadiens
97%
1978 Canadiens
97%
1977 Canadiens
97%
1976 Canadiens
97%
1973 Canadiens
97%
1971 Canadiens
97%
1969 Canadiens
97%
1968 Canadiens
97%
1966 Canadiens
97%
1965 Canadiens
97%
1960 Canadiens
97%
1959 Canadiens
97%
1958 Canadiens
97%
1957 Canadiens
97%
1956 Canadiens
97%
1953 Canadiens
97%
1946 Canadiens
97%
1944 Canadiens
97%
1931 Canadiens
97%
1930 Canadiens
97%
2022 Avalanche
93%
2001 Avalanche
93%
1996 Avalanche
93%
2011 Bruins
90%
1972 Bruins
90%
1970 Bruins
90%
1941 Bruins
90%
1939 Bruins
90%
1929 Bruins
90%
2023 Golden Knights
87%
1967 Maple Leafs
87%
1964 Maple Leafs
87%
1963 Maple Leafs
87%
1962 Maple Leafs
87%
1951 Maple Leafs
87%
1949 Maple Leafs
87%
1948 Maple Leafs
87%
1947 Maple Leafs
87%
1945 Maple Leafs
87%
1942 Maple Leafs
87%
1932 Maple Leafs
87%
1990 Oilers
87%
1988 Oilers
87%
1987 Oilers
87%
1985 Oilers
87%
1984 Oilers
87%
2017 Penguins
87%
2016 Penguins
87%
2009 Penguins
87%
1992 Penguins
87%
1991 Penguins
87%
2008 Red Wings
87%
2002 Red Wings
87%
1998 Red Wings
87%
1997 Red Wings
87%
1955 Red Wings
87%
1954 Red Wings
87%
1952 Red Wings
87%
1950 Red Wings
87%
1943 Red Wings
87%
1937 Red Wings
87%
1936 Red Wings
87%
2015 Blackhawks
83%
2013 Blackhawks
83%
2010 Blackhawks
83%
1961 Blackhawks
83%
1938 Blackhawks
83%
1934 Blackhawks
83%
2021 Lightning
83%
2020 Lightning
83%
2004 Lightning
83%
2025 Panthers
83%
2024 Panthers
83%
2006 Hurricanes
80%
1983 Islanders
80%
1982 Islanders
80%
1981 Islanders
80%
1980 Islanders
80%
1994 Rangers
80%
1940 Rangers
80%
1933 Rangers
80%
1928 Rangers
80%
1999 Stars
80%
1989 Flames
77%
2014 Kings
77%
2012 Kings
77%
2018 Capitals
73%
1975 Flyers
73%
1974 Flyers
73%
2007 Ducks
70%
2019 Blues
67%
1927 Senators
67%
2003 Devils
57%
2000 Devils
57%
1995 Devils
57%
1935 Maroons
37%
Aucun quiz correspondant
Distribution des résultats
% des personnes avec chaque résultat
Percentile par nombre de réponses
Votre historique - résultats
Vous n’avez pas pris ce quiz